000 00489cam a22001337a 4500
008 180718b1968 xxu||||| |||| 00| 0 eng d
082 _aR706x71 C16/ST/17
100 _aMikalachki, A.
245 _aTask force on labour relations, study no. 17 Management views of union-- management relations at the local level
_cby A. Mikalachki, G. Forsyth and J.J. Wettlaufer
260 _aOttawa
_bPrivy Council Office
_c1968
300 _aix, 98p
700 _aWettlaufer, J.J.
700 _aForsyth, G.
999 _c496389
_d496389